000 00694nam a2200241Ia 4500
003 OSt
005 20220930195315.0
006 a|||||r|||| 00| 0
007 ta
008 220926b |||||||| |||| 00| 0 hin d
024 _a15041
037 _cDissertations
040 _aCRL
_cCRL
_bhin
041 _2hin
_ahin
100 _aGupta Meenakshi
110 _aUniversity of Delhi. Faculty of Arts. Department of Hindi
245 0 _aRam ki shakti puja ka shaili vaigyanik adhyayan
260 _c1980
650 _aHINDI LITERATURE
_923866
700 _aUniversity of Delhi. Faculty of Arts. Department of Hindi
942 _cDIS
_2CC
999 _c898912
_d898912